000 00758nam a22002297a 4500
003 CBULib
005 20250926102056.0
008 250926b |||||||| |||| 00| 0 eng d
020 _a9781138626300
040 _aCBULib
_bEnglish
_cCBULib
_erda
050 _aSD 381.5 Wan
100 _94880
_aWang, Jingxin
245 _aIntroduction to computing applications in forestry and natural resource management
_c/ by Jingxin Wang
260 _aBoca Raton, FL :
_bCRC Press
_c[2018]
300 _axix, 378 pages : illustrations
336 _2rdacontent
_aText |
_btxt
337 _2rdamedia
_aUnmediated |
_bn
338 _2rdacarrier
_aVolume
_bnc
650 0 _92593
_aFOREST MANAGEMENT
650 0 _94881
_aFOREST MANAGEMENT--COMPUTER PROGRAMS
942 _2lcc
_c002
999 _c77389
_d77389